| 000 | 00586nam a22001937a 4500 | ||
|---|---|---|---|
| 005 | 20251223113628.0 | ||
| 008 | 251223b |||||||| |||| 00| 0 eng d | ||
| 020 | _a9781032755618 (pbk) | ||
| 040 | _cPK-LaUMT | ||
| 082 |
_a658.406 _bALV-C |
||
| 100 |
_aAlvesson, Mats _98539 |
||
| 245 |
_aChanging organizational culture : _bcultural change work in progress / _cby Mats Alvesson and Stefan Sveningsson |
||
| 250 | _a3rd ed. | ||
| 260 |
_aLondon : _bRoutledge, _c2025 |
||
| 300 | _a219 p. | ||
| 650 |
_aOrganizational change _9861 |
||
| 650 |
_aCorporate change _98540 |
||
| 942 | _cBK | ||
| 999 |
_c139437 _d139437 |
||